000 01065nam a22003137a 4500
003 CHAP
005 20220817041400.0
008 971013s1989 r 00010 d
010 _a12815
011 _a13787
035 _a17859
040 _cCHAP
082 _a378.24216
_bU5 1985-88
110 _aUniversidad de San Carlos de Guatemala. Facultad de Agronomía
_9116455
245 _aCatálogo de tesis
_b: suplemento 1985-1988
260 _aGuatemala :
_bLa Universidad,
_c1989
300 _a106 p.
500 _aTitulo varia : Tesario de la Fac. de Agronomía
590 _aBATCH-UPD
_b10
_c20130110
_lUCH01
_h1157
590 _aBATCH-UPD
_b10
_c20130410
_lUCH01
_h0740
590 _aBATCH-UPD
_b10
_c20130914
_lUCH01
_h2044
590 _aCONVERSION
_b10
_c20130109
_lUCH01
_h1308
650 1 4 _aAgricultura
_xBibliografia.
_91321
650 1 4 _aTesis
_xBibliografía.
901 _aBK
942 _cLIBRO
949 _a378.24216 U5 1985-88
_bBC
_cC
_d-41849
_eC
_i17859
_mD
_si
949 _a378.24216 U5 1985-88
_bBC
_cC
_d33724000513933
_eC
_f1985-88 c.2
_h86978
_i17859
_si
999 _c12815
_d12815